000 00463nam a2200145 a 4500
001 000030336
005 20200930060237.0
008 110510s2004 dr a 000 0 spa d
040 _aDO-SdBNP
_bspa
_cBNPHU
082 _axxxx
_bE79i
245 0 4 _aLos estatutos y la incorporación legal.
260 _aSanto Domingo :
_bCentro de Solidaridad para el Desarrollo de la Mujer:
_bVeterinarios sin Fronteras,
_c2004.
300 _a21 p. :
_bil. ;
_c28 cm.
049 _aBNPD
999 _c29828
_d29828